000 00706nas a2200229 4500
001 BR9501870
003 BR-BrBNA
005 20231205093942.0
007 ta
008 230509b bl.|||p| |||| 00| 00por d
040 _aBR-BrBNA
_bpor
_cBiblioteca Nacional de Agricultura
041 _a(En)
072 _aM12
100 1 _aMatsuura, Y.
100 1 _aNakatani, K.
245 1 _aVariability in quantity of zooplankton, fish eggs and larvae associated with two different mesh sizes in bongo nets
650 _aZooplancton
650 _aSao Paulo
773 0 _tAtlantica (Brazil)
_xISSN 0102-1656
_g(1980), v. 4 p. 43-52
_wBR9501870
909 _a202311
_bLúcia
_c55
_dLúcia Elande
942 _2AGRIS
_n0
_cANA
999 _c141263
_d141263